00966nam a22002057a 450000500170000000800410001702000180005804100080007604400070008408200140009111000410010524201770014624501480032326000550047130000310052650400530055765000470061065000520065765000510070920140421101758.0140421t2006 sz ad gr|||| 00| 0 eng d a9789280727449 aeng asz a381bU56s2 aUnited Nations Environment Programme10aComercio Sostenible y Reducción de la Pobrezabnuevos enfoques para la formulación de políticas integradas a nivel nacionalcUnited Nations Environment Programmeyspa10aSustainable Trade and Poverty Reductionbnew approaches to integrated policy making at the national levelcUnited Nations Environment Programme3 aGenevabUnited Nations Environment Programmec2006 a141 p.bil., tablasc30 cm aIncluye bibliografía al final de cada capitulo 4aComercio sosteniblevProgramaxPolíticas 4aComercio sosteniblevProgramaxEstudio de casos 4aComercio sosteniblevProgramaxPlanificación